D. D. Gomezii Bayo ... Praxis ecclesiastica et saecularis (Record no. 154405)

MARC details
000 -LEADER
campo de control de longitud fija 01473nam a2200289 i 4500
001 - NÚMERO DE CONTROL
campo de control 154405
003 - IDENTIFICADOR DE NÚMERO DE CONTROL
campo de control ES-MaACL
005 - FECHA Y HORA DE LA ÚLTIMA TRANSACCIÓN
campo de control 20250809014622.0
008 - DATOS DE LONGITUD FIJA--INFORMACIÓN GENERAL
campo de control de longitud fija 931025s1671 fr |||| | lat d
040 ## - FUENTE DE CATALOGACIÓN
Centro catalogador/agencia de origen SR
Lengua de catalogación spa
Centro/agencia transcriptor PAB
100 1# - ENTRADA PRINCIPAL--NOMBRE DE PERSONA
Nombre de persona Gómez Bayo.
9 (RLIN) 57832
245 10 - MENCIÓN DEL TÍTULO
Título D. D. Gomezii Bayo ... Praxis ecclesiastica et saecularis
Resto del título : in tres partes distributa, I : jurisdictionem ecclesiasticam, civilem et criminalem, ordinariam & delegatam octo libris complectitur, II : tractat de causis matrimonialibus, beneficialibus, dispensationibus & facultatibus Nuncii Apostolici, & commissarii cruciatae, III : plurimas quaestiones ad utrumque forum spectantes de rescriptis, clausulis ... tandemque repertorium ...
250 ## - MENCION DE EDICION
Mención de edición Nunc primum typis lugdunensibus in lucem prodit.
260 ## - PUBLICACIÓN, DISTRIBUCIÓN, ETC.
Lugar de publicación, distribución, etc. Lugduni :
Nombre del editor, distribuidor, etc. ex officina Anissoniana,
Fecha de publicación, distribución, etc. 1671.
300 ## - DESCRIPCIÓN FÍSICA
Extensión [16], 436, [44] p. ;
Dimensiones Fol.
594 ## - Nota al título y mención de responsabilidad
Nota al título y mención de responsabilidad Texto de la I y II parte en español.
595 ## -
-- Podrían existir dos ed. con igual pie de imp., que se distinguirían por utilizar la "v" o la "u"
596 ## - NOTA AL PIE DE IMPRENTA
NOTA AL PIE DE IMPRENTA Marca tip. grab. xil.: "Papillon f.", en port.
597 ## - NOTA DE DESCRIPCIÓN FÍSICA
NOTA DE DESCRIPCIÓN FÍSICA Sign.: a-b4, A-Z6, 2A-2R6.
597 ## - NOTA DE DESCRIPCIÓN FÍSICA
NOTA DE DESCRIPCIÓN FÍSICA Port. a dos tintas.
597 ## - NOTA DE DESCRIPCIÓN FÍSICA
NOTA DE DESCRIPCIÓN FÍSICA Texto a dos col.
650 07 - PUNTO DE ACCESO ADICIONAL DE MATERIA--TÉRMINO DE MATERIA
Término de materia o nombre geográfico como elemento de entrada Derecho canónico
Fuente del encabezamiento o término embne
9 (RLIN) 11655
650 07 - PUNTO DE ACCESO ADICIONAL DE MATERIA--TÉRMINO DE MATERIA
Término de materia o nombre geográfico como elemento de entrada Derecho eclesiástico
Fuente del encabezamiento o término embne
9 (RLIN) 11703
852 ## - LOCALIZACIÓN
Ubicación ES-MaACL
Número de control de estantería R-3354
Nota libre -- Enc. perg.
Encuadernación -- Edic.: en esta ed. se utiliza la "v"
Holdings
Estatus retirado Estado de pérdida Estado de daño No para préstamo Colección Biblioteca de origen Biblioteca actual Ubicación en estantería Fecha de adquisición Fuente de adquisición Total de préstamos Signatura topográfica completa Código de barras Visto por última vez Precio de reemplazo Tipo de ítem Koha
        Libros del s. XVII Biblioteca del Ateneo de Madrid Biblioteca del Ateneo de Madrid Depósito 17/01/2008     R-3354 1161467 23/02/2023 23/02/2023 Libro impreso antiguo